|
|
|
|
| LEADER |
00000nam0a2200000 4500 |
| 001 |
362853 |
| 005 |
20231102011530.0 |
| 035 |
|
|
|a (RuTPU)RU\TPU\retro\20199
|
| 090 |
|
|
|a 362853
|
| 100 |
|
|
|a 20210827d1981 m y0rusy50 ca
|
| 101 |
0 |
|
|a rus
|
| 102 |
|
|
|a LV
|
| 105 |
|
|
|a y j 001zy
|
| 200 |
1 |
|
|a Галогены, сера, бор и важнейшие металлы
|e конспект лекций
|f И. О. Пелчер
|g Рижский политехнический институт
|
| 210 |
|
|
|a Рига
|c Изд-во Рижского политехнического ин-та
|d 1981
|
| 215 |
|
|
|a 55 с.
|
| 320 |
|
|
|a Библиогр.: с. 54
|
| 606 |
1 |
|
|a Металлы
|x Химия
|2 stltpush
|3 (RuTPU)RU\TPU\subj\75044
|
| 610 |
1 |
|
|a бор
|
| 610 |
1 |
|
|a борные соединения
|
| 610 |
1 |
|
|a алюминий
|
| 610 |
1 |
|
|a сера
|
| 610 |
1 |
|
|a серные соединения
|
| 610 |
1 |
|
|a хром
|
| 610 |
1 |
|
|a хромовые соединения
|
| 610 |
1 |
|
|a галогены
|
| 610 |
1 |
|
|a марганец
|
| 610 |
1 |
|
|a железо
|
| 610 |
1 |
|
|a лекции
|
| 610 |
1 |
|
|a учебные пособия
|
| 675 |
|
|
|a 546.3(075.8)
|v 4
|
| 700 |
|
1 |
|a Пелчер
|b И. О.
|
| 712 |
0 |
2 |
|a Рижский политехнический институт
|2 stltpush
|3 (RuTPU)RU\TPU\col\7561
|9 24345
|
| 801 |
|
1 |
|a RU
|b 63413507
|c 20210827
|
| 801 |
|
2 |
|a RU
|b 63413507
|c 20210827
|g RCR
|
| 942 |
|
|
|c BK
|